Exploring corporate human rights responsibilities in OECD case law (Record no. 4941)

MARC details
000 -CABECERA
campo de control de longitud fija 03341cam a2200457 a 4500
001 - NÚMERO DE CONTROL
campo de control 10612450
003 - IDENTIFICADOR DEL NÚMERO DE CONTROL
campo de control CaAEU
005 - FECHA Y HORA DE LA ÚLTIMA TRANSACCIÓN
campo de control 20250915105421.0
006 - CÓDIGOS DE INFORMACIÓN DE LONGITUD FIJA--CARACTERÍSTICAS DEL MATERIAL ADICIONAL
campo de control de longitud fija m o d
007 - CAMPO FIJO DE DESCRIPCIÓN FÍSICA--INFORMACIÓN GENERAL
campo de control de longitud fija cr un|---aucuu
008 - DATOS DE LONGITUD FIJA--INFORMACIÓN GENERAL
campo de control de longitud fija 250116s2025 sz o 000 0 eng d
020 ## - NÚMERO INTERNACIONAL ESTÁNDAR DEL LIBRO
Número Internacional Estándar del Libro 9783031757174
Información calificativa (electronic bk.)
020 ## - NÚMERO INTERNACIONAL ESTÁNDAR DEL LIBRO
Número Internacional Estándar del Libro 3031757173
Información calificativa (electronic bk.)
020 ## - NÚMERO INTERNACIONAL ESTÁNDAR DEL LIBRO
ISBN cancelado o inválido 3031757165
020 ## - NÚMERO INTERNACIONAL ESTÁNDAR DEL LIBRO
ISBN cancelado o inválido 9783031757167
024 7# - IDENTIFICADOR DE OTROS ESTÁNDARES
Número estándar o código 10.1007/978-3-031-75717-4
Fuente del número o código doi
035 ## - NÚMERO DE CONTROL DEL SISTEMA
Número de control de sistema on1483003669
039 ## - NIVEL DE CONTROL BIBLIOGRÁFICO Y DETALLES DE CODIFICACIÓN [OBSOLETO]
Nivel de reglas en descripción bibliográfica exclude
040 ## - FUENTE DE LA CATALOGACIÓN
Centro catalogador/agencia de origen YDX
Lengua de catalogación eng
Centro/agencia transcriptor YDX
Centro/agencia modificador GW5XE
-- UKKRT
-- EBLCP
-- OCLCO
-- N$T
-- AEU
041 ## - CÓDIGO DE LENGUA
Código de lengua del texto/banda sonora o título independiente English
050 #4 - SIGNATURA TOPOGRÁFICA DE LA BIBLIOTECA DEL CONGRESO
Número de clasificación K3240
090 ## - LOCALMENTE ASIGNADO TIPO-LC NÚMERO DE CLASIFICACIÓN (OCLC); NÚMERO DE CLASIFICACIÓN LOCAL (RLIN)
Número de clasificación (OCLC) (R) ; Numero de clasificación, CALL (RLIN) (NR) Internet Access
Número cutter local (OCLC) ; Número de libro/Signatura topográfica íntegra, CALL (RLIN) AEU
245 00 - MENCIÓN DE TÍTULO
Título Exploring corporate human rights responsibilities in OECD case law
Mención de responsabilidad, etc. / Otgontuya Davaanyam, Markus Krajewski, editors.
260 ## - PUBLICACIÓN, DISTRIBUCIÓN, ETC.
Lugar de publicación, distribución, etc. Cham :
Nombre del editor, distribuidor, etc. Springer,
Fecha de publicación, distribución, etc. 2025.
300 ## - DESCRIPCIÓN FÍSICA
Extensión 1 online resource
338 ## - TIPO DE SOPORTE
Nombre/término del tipo de soporte online resource
Código del tipo de soporte cr
Fuente rdacarrier
490 1# - MENCIÓN DE SERIE
Mención de serie Interdisciplinary studies in human rights ;
Designación de volumen o secuencia v. 14
520 ## - SUMARIO, ETC.
Sumario, etc. This open access book consolidates a collection of scholarly papers presented at the academic conference titled "Corporate Human Rights Responsibility in OECD Case Law: Actors, Issues, Responsibilities, and Remedies", held on 4 and 5 May 2023. The conference was organized by the OECD Case Law Project at Friedrich-Alexander-Universitt Erlangen-Nrnberg. The book is divided into three sections. The first examines how NCP cases interpret corporate responsibilities, including financial institutions, on human rights and environmental issues, focusing on climate change and conflict-affected zones. It also highlights how OECD cases address corporate accountability and its impact on the revised OECD Guidelines and the EU Corporate Sustainability Due Diligence Directive (CSDDD). The second section critically evaluates the NCP mechanism's effectiveness, assessing whether it provides substantive remedies and how well NCP mediation resolves disputes. It offers both quantitative and qualitative analysis of the grievance processes in line with UNGP effectiveness criteria. The third section explores the NCPs role in global corporate responsibility frameworks, particularly its potential influence on shaping mandatory due diligence obligations through frameworks like the CSDDD, reinforcing corporate accountability in international business practices. Additionally, the book offers key recommendations for policymakers, NCP experts, and practitioners on improving the NCP system to ensure more meaningful outcomes for human rights violations.
588 0# - NOTA DE FUENTE DE LA DESCRIPCIÓN
Nota de fuente de la descripción Online resource; title from PDF title page (SpringerLink, viewed January 23, 2025).
650 #0 - PUNTO DE ACCESO ADICIONAL DE MATERIA--TÉRMINO DE MATERIA
Término de materia o nombre geográfico como elemento de entrada Human rights
Subdivisión de forma Case studies.
650 #0 - PUNTO DE ACCESO ADICIONAL DE MATERIA--TÉRMINO DE MATERIA
Término de materia o nombre geográfico como elemento de entrada Civil rights of corporations
Subdivisión de forma Case studies.
650 #0 - PUNTO DE ACCESO ADICIONAL DE MATERIA--TÉRMINO DE MATERIA
Término de materia o nombre geográfico como elemento de entrada Social responsibility of business
Subdivisión de forma Case studies.
700 ## - ENTRADA AGREGADA--NOMBRE PERSONAL
Nombre de persona Davaanyam, Otgontuy.
9 (RLIN) 25875
700 ## - ENTRADA AGREGADA--NOMBRE PERSONAL
Nombre de persona Krajewski, Markus,
Fechas asociadas al nombre 1969-
URI de un objeto del mundo real https://id.oclc.org/worldcat/entity/E39PBJrrwkbgFKqKmvQVCy7rbd
830 #0 - PUNTO DE ACCESO ADICIONAL DE SERIE-TÍTULO UNIFORME
Título uniforme Interdisciplinary studies in human rights ;
Designación de volumen o secuencia v. 14.
856 40 - LOCALIZACIÓN Y ACCESO ELECTRÓNICOS
Especificación de materiales Free Access
Identificador Uniforme del Recurso <a href="https://link.springer.com/book/10.1007/978-3-031-75717-4">https://link.springer.com/book/10.1007/978-3-031-75717-4</a>
Nota pública from Springer Open Access
856 40 - LOCALIZACIÓN Y ACCESO ELECTRÓNICOS
Especificación de materiales Free Access
Identificador Uniforme del Recurso <a href="https://directory.doabooks.org/handle/20.500.12854/150083">https://directory.doabooks.org/handle/20.500.12854/150083</a>
Nota pública from Directory of Open Access Books
942 ## - ELEMENTOS DE ENTRADA AGREGADA (KOHA)
Fuente del sistema de clasificación o colocación Clasificación de Library of Congress
949 ## - PROCESAMIENTO DE INFORMACIÓN LOCAL (OCLC)
h UAIN
m NEOS_FREE
z SPRINGEROA
949 ## - PROCESAMIENTO DE INFORMACIÓN LOCAL (OCLC)
h UAIN
z SPRINGEROA
Holdings
Estado de retiro Estado de pérdida Fuente del sistema de clasificación o colocación Estado dañado No para préstamo Biblioteca de origen Biblioteca actual Fecha de adquisición Total de préstamos Fecha visto por última vez Identificador Uniforme del Recurso Precio válido a partir de Tipo de ítem Koha
    Clasificación de Library of Congress     TBS Barcelona TBS Barcelona 15/09/2025   15/09/2025 https://directory.doabooks.org/handle/20.500.12854/150083 15/09/2025 eBook

Powered by Koha